000 01048nam a22003017a 4500
001 BR8107816
003 BR-BrBNA
005 20230928091126.0
007 ta
008 230509b bl.||||| |||| 00| 0 por d
040 _aBR-BrBNA
_bpor
_cBiblioteca Nacional de Agricultura
041 _a(Por)
072 _aM10
_b8150
_b/G514
090 _ 8150 BR8107816
100 1 _aPaiva, M.P.
110 1 _aSuperintendencia do Desenvolvimento da Pesca, Brasilia, DF (Brasil);
_0Tese (Livre docencia)
_910064
110 1 _aUniversidade Federal do Ceara, Fortaleza (Brasil). Centro de Ciencias Agrarias
_0Tese (Livre docencia)
245 1 _aRecursos pesqueiros marinhos e estuarinos do norte do Brasil
260 3 _aBrasilia, DF (Brasil):
_c1981.
300 _a127 p.
500 _a65 tables; Summaries (Eng, Por); Bibliography p. 112-127 (124 ref.); Glossary p. 110-112
650 _aPESCA MARINHA
650 _aPESCA INDUSTRIAL
650 _aPRODUCAO PESQUEIRA
650 _aREGIAO NORTE
909 _a202309
_bLucia
_c55
_dLucia Elande
942 _cBK
999 _c32357
_d32357